Glee Quotes II Quiz Stats

 Plays Quiz Updated Jul 13, 2017

Score 0/20 Timer 05:00
7 Plays Today
Quote Character % Correct
'There's no way I'm going back to juvie. There's no chicks and no kosher meal options up in that place.'Noah 'Puck' Puckerman
93.2%
'Two weeks ago, I would’ve agreed that four men rehearsing a capella hip-hop in my living room was embarrassing.'Will Schuester
87.3%
'I'm going to ask you to smell your armpits. It's the smell of failure, and it's stinking up my office.'Sue Sylvester
79%
'Just because I hate everybody doesn't mean they have to hate me too.'Santana Lopez
78.1%
'The roads to the North Pole are getting treacherous. And remember, even the smallest envelope is heavy for an elf.'Brittany Pierce
76.5%
'I came up with the best baby name of all time: Drizzle.'Finn Hudson
75.7%
'There's NOTHING ironic about show choir!'Rachel Berry
73.7%
'When my mom applied to college, she put being popular as her main extracurricular activity. And she got in to Arizona State.'Quinn Fabray
70.8%
'If I was in love with a girl and I wasn’t homeless, I’d totally go for it.'Sam Evans
68.7%
'Why do we have to go all vanilla on this song? What we need is my chocolate thunder.'Mercedes Jones
67%
Quote Character % Correct
'When I was little if I got all A's my dad would let me wash his car, so I'd get my little toothbrush out and I'd clean it all weekend long.'Emma Pillsbury
66.7%
'I told my mom and I had the flu and she made me a traditional tea out of panda hair.'Mike Chang
60.5%
'I sound like someone put tap shoes on a horse and shot it.'Artie Abrams
58.2%
'First, students who ate the ravioli today, and are not up to date on their Tetanus shots should see the nurse immediately.'Principal Figgins
57.5%
'I am a powerful woman, and my growing feminism will cut you in half like a righteous blade of equality!'Tina Cohen-Chang
55.3%
'If anyone else got Tony, including me, the wrath of Sondheim would fall upon William McKinley like a plague of Shubert Alley locusts.'Kurt Hummel
54.7%
'This is one of the hardest decisions of my life. And that includes when I had to sell one of my prize donkeys to pay my gas bill.'Coach Beiste
44.5%
'I finally realized my lifelong ambition of being a mistress to an incredibly wealthy strip-mall tycoon.'April Rhodes
42.8%
'I want to be like a Kardashian. I want a TV show, and a fragrance.'Lauren Zizes
39.4%
'That's sweet. Your remember the masculine click of my designer boots.'Jesse St. James
39.3%

You're not logged in!

Compare scores with friends on all Sporcle quizzes.
OR
Log In

Sporcle TV

Today on Sporcle TV


Watch our educational content, quiz creation guides, and fun videos on Sporcle TV.

Show Comments

Extras

Top Quizzes Today


Score Distribution

Your Account Isn't Verified!

In order to create a playlist on Sporcle, you need to verify the email address you used during registration. Go to your Sporcle Settings to finish the process.

Report this User

Report this user for behavior that violates our Community Guidelines.

Details: